| Tag |
First Indicator |
Second Indicator |
Subfields |
| LEADER |
00000cam a2200000I 4500 |
| 001 |
in00002783923 |
| 005 |
20151202171837.0 |
| 008 |
780202s1965 dcua b f000 0 eng d |
| 035 |
|
|
|a (OCoLC)ocm03598674
|
| 035 |
|
|
|a (OCoLC)3598674
|
| 040 |
|
|
|a CSU
|c CSU
|d CSU
|d OCL
|d OWU
|d OCLCQ
|d BOS
|d OCLCG
|d NRU
|d UtOrBLW
|
| 049 |
|
|
|a TXAM
|
| 050 |
|
4 |
|a QE75
|b .P9 no.462-H
|
| 082 |
0 |
4 |
|a 557.3
|b U58p no.462-H
|
| 086 |
0 |
|
|a I 19.16:462-H
|
| 100 |
1 |
|
|a Simons, Daryl B.
|
| 245 |
1 |
0 |
|a Bedload equation for ripples and dunes /
|c by D.B. Simons, E.V. Richardson, and C.F. Nordin, Jr.
|
| 264 |
|
1 |
|a Washington :
|b U.S. Govt. Print. Off,
|c 1965.
|
| 300 |
|
|
|a 9 pages :
|b illustrations ;
|c 29 cm.
|
| 336 |
|
|
|a text
|b txt
|2 rdacontent
|
| 337 |
|
|
|a unmediated
|b n
|2 rdamedia
|
| 338 |
|
|
|a volume
|b nc
|2 rdacarrier
|
| 490 |
1 |
|
|a Sediment transport in alluvial channels
|
| 490 |
1 |
|
|a Geological Survey professional paper ;
|v 462-H
|
| 504 |
|
|
|a Bibliography: page 9.
|
| 650 |
|
0 |
|a Bed load.
|
| 650 |
|
0 |
|a Sedimentation and deposition.
|
| 650 |
|
0 |
|a Bed load
|x Measurement.
|
| 700 |
1 |
|
|a Richardson, E. V.
|q (Everett V.),
|d 1924-
|
| 700 |
1 |
|
|a Nordin, Carl F.
|
| 830 |
|
0 |
|a Sediment transport in alluvial channels.
|
| 830 |
|
0 |
|a Geological Survey professional paper ;
|v 462-H.
|
| 948 |
|
|
|a cataloged
|b h
|c 2012/12/13
|d c
|e mvaldespin
|f 12:52:04 pm
|
| 994 |
|
|
|a C0
|b TXA
|
| 999 |
|
|
|a MARS
|
| 999 |
f |
f |
|s d7b26107-7e26-3612-9061-c13205f9527d
|i bf206698-4edc-3746-adb5-c388e91b756d
|t 0
|
| 952 |
f |
f |
|p normal
|a Texas A&M University
|b College Station
|c Sterling C. Evans Library
|d Evans: US Documents (Annex 5th floor)
|t 0
|e I 19.16:462-H
|h Superintendent of Documents classification
|i unmediated -- volume
|m A14839363319
|
| 998 |
f |
f |
|a I 19.16:462-H
|t 0
|l Evans: US Documents (Annex 5th floor)
|